Parallel computing: theory and practice (Record no. 5494)
[ view plain ]
| 000 -LEADER | |
|---|---|
| fixed length control field | 00775 a2200217 4500 |
| 020 ## - INTERNATIONAL STANDARD BOOK NUMBER | |
| International Standard Book Number | 0070495467 |
| 040 ## - CATALOGING SOURCE | |
| Original cataloging agency | DLC |
| Language of cataloging | DLC |
| 082 ## - DEWEY DECIMAL CLASSIFICATION NUMBER | |
| Classification number | 004.35 |
| 100 1# - MAIN ENTRY--PERSONAL NAME | |
| Personal name | Quinn, Michael J. |
| 245 00 - TITLE STATEMENT | |
| Title | Parallel computing: theory and practice |
| Remainder of title | theory and practice |
| Statement of responsibility, etc. | Michael J. Quinn |
| 250 ## - EDITION STATEMENT | |
| Edition statement | 2. ed. |
| 260 ## - PUBLICATION, DISTRIBUTION, ETC. | |
| Place of publication, distribution, etc. | New York : |
| Name of publisher, distributor, etc. | McGraw-Hill, |
| Date of publication, distribution, etc. | cop. 1994 |
| 300 ## - PHYSICAL DESCRIPTION | |
| Extent | xvii, 446 s. : |
| Other physical details | ill. ; |
| Dimensions | 25 cm. |
| 490 1# - SERIES STATEMENT | |
| Series statement | McGraw-Hill series in computer science. |
| -- | Networks, parallel and distributed computing |
| 500 ## - GENERAL NOTE | |
| General note | F�reg. uppl. med titeln: Designing efficient algorithms for parallel computers |
| 650 #7 - SUBJECT ADDED ENTRY--TOPICAL TERM | |
| Topical term or geographic name entry element | Parallel computers |
| 650 #7 - SUBJECT ADDED ENTRY--TOPICAL TERM | |
| Topical term or geographic name entry element | Parallel programming |
| 700 1# - ADDED ENTRY--PERSONAL NAME | |
| Personal name | Quinn, Michael J. |
| 830 #0 - SERIES ADDED ENTRY--UNIFORM TITLE | |
| Uniform title | McGraw-Hill computer science series |
| 942 ## - ADDED ENTRY ELEMENTS (KOHA) | |
| Koha item type | Book |
| Call number prefix | 004.35 QUI |
| Source of classification or shelving scheme | |
| Withdrawn status | Lost status | Damaged status | Not for loan | Collection code | Permanent Location | Current Location | Shelving location | Date acquired | Source of acquisition | Cost, normal purchase price | Total Checkouts | Full call number | Barcode | Date last seen | Price effective from | Koha item type |
|---|---|---|---|---|---|---|---|---|---|---|---|---|---|---|---|---|
| Central Library (CL) | Central Library (CL) | First Floor - Data Communication/Network/Architecture | 07/17/2008 | Donation | 0.00 | 004.35 QUI | SEECS009197 | 01/14/2019 | 01/05/2017 | Book |
